000 00428nam a2200157Ia 4500
008 210716s2007 xx 000 0 und d
020 _a9780763735371
041 _aeng
082 _a005.368 TSUF
100 _aTsui, Frank;Karam, Orlando.
245 _aEssentials of software engineering.
250 _a1
260 _aNew Delhi
_bJones and Bartlett Publishers.
_c2007
300 _axiv,384
650 _aSoftware Engineering
999 _c190932
_d190932